|
|
|
|
| LEADER |
01013nam a2200229 a 4500 |
| 001 |
13450566 |
| 008 |
090528s2004 gw a b 001 0 eng d |
| 010 |
|
|
|a 2004040688
|
| 020 |
|
|
|a 3540203656 (pbk. : acid-free paper)
|
| 040 |
|
|
|a DLC
|c DLC
|d DLC
|
| 082 |
0 |
0 |
|a 530.12
|2 22
|
| 100 |
1 |
|
|a Bès, Daniel R.
|
| 245 |
1 |
0 |
|a Quantum mechanics :
|b a modern and concise introductory course /
|c Daniel R. Bes.
|
| 260 |
|
|
|a Berlin ;
|a New York :
|b Springer-Verlag,
|c c2004.
|
| 300 |
|
|
|a xvi, 204 p. :
|b ill. (some col.) ;
|c 24 cm.
|
| 504 |
|
|
|a Includes bibliographical references and index.
|
| 541 |
1 |
|
|e 00014950
|
| 650 |
|
0 |
|a Quantum theory.
|
| 852 |
4 |
|
|a Ayesha Abed Library
|j General Shelf.
|
| 999 |
|
|
|c 1117
|d 1117
|
| 952 |
|
|
|0 0
|1 0
|2 ddc
|4 0
|6 530_120000000000000_BES
|7 0
|9 1008
|a BRACUL
|b BRACUL
|c GEN
|d 2009-06-24
|l 2
|m 15
|o 530.12 BES
|p 3010014950
|r 2025-06-22
|s 2025-04-21
|t 1
|w 2009-06-24
|y BK
|
| 952 |
|
|
|0 0
|1 0
|2 ddc
|4 0
|6 530_120000000000000_BES
|7 0
|9 14346
|a BRACUL
|b BRACUL
|c GEN
|d 2011-02-09
|l 0
|o 530.12 BES
|p 3010014949
|r 2011-02-09
|t 2
|w 2011-02-09
|y BK
|